Southville International School and Colleges
Your cart is empty.
  • Cart
  • Lists
    Public lists Eva Luna New books Lux_list list_1
    Your lists Log in to create your own lists
  • Log in to your account
  • Your cookies
  • Search history
Southville International School and Colleges
  • Advanced search
  • Recent comments
  • Most popular
  • Libraries

Log in to your account

Log in with GOOGLE


If you do not have an external account, but do have a local account, you can still log in:

  1. Home
  2. MARC view: Arabian nights. Volume II :
Normal view MARC view ISBD view

Arabian nights. Volume II : (Record no. 13881)

[ view plain ]
MARC details
000 -LEADER
fixed length control field 00512nam a22001697a 4500
003 - CONTROL NUMBER IDENTIFIER
control field OSt
005 - DATE AND TIME OF LATEST TRANSACTION
control field 20140310182508.0
008 - FIXED-LENGTH DATA ELEMENTS--GENERAL INFORMATION
fixed length control field 130807t xxu||||| |||| 00| 0 eng d
020 ## - INTERNATIONAL STANDARD BOOK NUMBER
International Standard Book Number 0451527496
050 ## - LIBRARY OF CONGRESS CALL NUMBER
Classification number PJ 7716
Item number .B974 1999
100 ## - MAIN ENTRY--PERSONAL NAME
Personal name Burton, Richard F.
9 (RLIN) 8951
245 ## - TITLE STATEMENT
Title Arabian nights. Volume II :
Remainder of title more marvels and wonders of the thousand and one nights /
Statement of responsibility, etc Richard F. Burton.
260 ## - PUBLICATION, DISTRIBUTION, ETC. (IMPRINT)
Place of publication, distribution, etc USA :
Name of publisher, distributor, etc Peguin Books,
Date of publication, distribution, etc c1999.
300 ## - PHYSICAL DESCRIPTION
Extent 419 p. :
Dimensions 17 cm.
942 ## - ADDED ENTRY ELEMENTS (KOHA)
Source of classification or shelving scheme Library of Congress Classification
Koha item type
Holdings
Withdrawn status Lost status Source of classification or shelving scheme Damaged status Home library Current library Shelving location Date acquired Total Checkouts Full call number Barcode Date last seen Copy number Price effective from Koha item type
    Library of Congress Classification   South SEED-LPDH College Library South SEED-LPDH College Library South SEED-LPDH College Section 08/07/2013   PJ 7716 .B974 1999 SSLC0699 05/15/2018 1 08/07/2013 Books

Arabian nights. Volume II :

APA

Burton R. F., . (1999). Arabian nights. Volume II. USA: Peguin Books.

Chicago

Burton Richard F, . 1999. Arabian nights. Volume II. USA: Peguin Books.

Harvard

Burton R. F., . (1999). Arabian nights. Volume II. USA: Peguin Books.

MLA

Burton Richard F, . Arabian nights. Volume II. USA: Peguin Books. 1999.

  • Place hold
  • Print
  • Cite
  • Add to your cart (remove)
  • Save record
    BIBTEX Dublin Core MARCXML MARC (non-Unicode/MARC-8) MARC (Unicode/UTF-8) MARC (Unicode/UTF-8, Standard) MODS (XML) RIS
  • More searches
    Search for this title in:
    Other Libraries (WorldCat) Other Databases (Google Scholar) Online Stores (Bookfinder.com) Open Library (openlibrary.org)

Exporting to Dublin Core...

SOUTHVILLE LIBRARY

Southville International School and Colleges Library

1281 Tropical Ave. Cor. Luxembourg St., BF Homes International, Las Pinas City

Tel. No. 8256374 / 252358 Loc. 117/146

Powered by Koha